Norwich City Famous Fans - Statistics

General Stats
  • This quiz has been taken 16 times
  • The average score is 7 of 12
Answer Stats
Picture Hint Answer % Correct
Chef Delia Smith
93%
Politician Ed Balls
93%
Actor, Presenter Stephen Fry
93%
Actor, Presenter Alexander Armstrong
87%
Australian Actor Hugh Jackman
67%
Presenter Simon Thomas
60%
Rock Band The Darkness
60%
Presenter Jake Humphrey
53%
Singer, Presenter Myleen Klass
53%
Cricketer Olly Stone
33%
Author Philip Pullman
20%
Norwegian Singer Emmy
13%
No matching quizzes found
Score Distribution
Percent of People with Each Score
Percentile by Number Answered
Your Score History
You have not taken this quiz